Квиз о Александру Великом - Statistics

General Stats
  • This quiz has been taken 49 times
  • The average score is 9 of 19
Answer Stats
Помоћ Одговор % Correct
Име краљевства којим је Александар владао Македонија
95%
Основао је двадесет градова под овим именом Александрија
75%
Александар је освојио ово царство Персијско
75%
Познати филозоф који је подучавао Александра Аристотел
73%
Александров отац Филип II
70%
Јунак из Илијаде са којим се Александар поредио Ахилеј
58%
Александар никада није покушао да освоји овај грчки полис Спарта
58%
Уместо да покуша да разреши овај чвор, Александар га је пресекао мачем {Гордијев} чвор
53%
Александров коњ (по коме је такође назван један град) Букефал
53%
Али Александар је тврдио да је његов отац заправо… Зевс (Амон)
45%
Грчка војна формација коју је користио Фаланга
45%
Његова војска је одбила да маршира даље након што је стигла до ове савремене земље Индија
45%
Александрова мајка Олимпијада
43%
Израз за ширење грчке културе у областима које је освојио Александар {Хелен}изација
43%
Његов пријатељ Птолемеј основао је династију која је владала овом земљом Египат
40%
Престоница тог краљевства, у којој је рођен Пела
25%
Име града, у близини савременог Багдада, у коме је Александар умро Вавилон
25%
Његове речи на самрти (на питање коме треба да припадне његово царство) Најјачем
10%
Његов најближи пријатељ и могући љубавник Хефестион
8%
No matching quizzes found
Score Distribution
Percent of People with Each Score
Percentile by Number Answered
Your Score History
You have not taken this quiz